MODERN ELECTRONIC INSTRUMENTATION AND MEASUREMENT TECHNIQUES (Record no. 9412)

MARC details
000 -LEADER
fixed length control field 00509nam a22001577a 4500
003 - CONTROL NUMBER IDENTIFIER
control field SGT
020 ## - INTERNATIONAL STANDARD BOOK NUMBER
International Standard Book Number 9788120307520
082 ## - DEWEY DECIMAL CLASSIFICATION NUMBER
Classification number 621.38154
100 ## - MAIN ENTRY--PERSONAL NAME
Personal name HELFRICK D. ALBERT
245 ## - TITLE STATEMENT
Title MODERN ELECTRONIC INSTRUMENTATION AND MEASUREMENT TECHNIQUES
260 ## - PUBLICATION, DISTRIBUTION, ETC. (IMPRINT)
Place of publication, distribution, etc NEW DELHI
Name of publisher, distributor, etc PHI
Year of Publication 2015
300 ## - PAGE DESCRIPTION
No. of Pages 445
650 ## - SUBJECT ADDED ENTRY--TOPICAL TERM
Topical term or geographic name as entry element APPLIED PHYSICS
653 ## - KEYWORDS--INDEX TERM
Keyword term MEASUREMENT AND ERROR, SYSTEM OF UNITS OF MEASUREMENT, STANDARDS OF MEASUREMENT, BRIDGE MEASUREMENTS, OSCILLOSCOPES, SIGNAL GENERATION
942 ## - ADDED ENTRY ELEMENTS (KOHA)
Source of classification or shelving scheme Dewey Decimal Classification
Koha item type FPS Books
Holdings
Withdrawn status Lost status Source of classification or shelving scheme Damaged status Not for loan Collection code Home library Current library Shelving location Date acquired Vendor Name Cost, normal purchase price SGTU Bill Number Full call number Accession No. (Barcode) Date last seen Bill Date Koha item type
    Dewey Decimal Classification   Not For Loan SCIENCE SGT Science & Social Sciences Library SGT Science & Social Sciences Library Reference Book 01/07/2016 KIRTI PRAKASHAN 350.00 SGTU 2911 621.38154 PS876 01/07/2016 15/09/2015 FPS Books